000 00325nam a2200121Ia 4500
008 220204s9999 xx 000 0 und d
082 _a338.26
_bSIN;1
100 _aSINGH, Hareendra Pal
245 0 _aResource appraisal and planning in India
260 _aNew Delhi
_bRajesh
_c1979
650 _aEconomic planning
942 _cBK
999 _c34613
_d34613